000 00597cam a22002051 4500
001 sa 63002707
003 DLC
005 20260227111935.0
008 740408s1963 xx 000 0 eng
010 _asa 63002707
035 _a(OCoLC)851766
040 _aDLC
_cOU
_dDLC
042 _apremarc
050 0 0 _aHC337.R3
_bN3
110 2 _aNational Council of Applied Economic Research.
245 1 0 _aTechno-economic survey of Rajasthan.
260 _aNew Delhi,
_c[1963]
300 _axvi, 316 p.
_billus., maps (part fold.), tables
_c25 cm.
651 0 _aRajasthan (India)
_xEconomic conditions.
999 _c54616
_d54616